000 00462nam a2200181Ia 4500
005 20250326125940.0
008 250326s9999 xx 000 0 und d
037 _aTextbook
040 _aFMSL
_beng
_cFMSL
041 _aeng
_2eng
084 _aX:51 N7
_qFMSL
100 _aMiller E C
_9736951
245 0 _aMarketing planning
_cMiller E C
260 _aNY
_bNY, AMA
_c1967
300 _a101p
942 _cTB
_hX:51 N7
999 _c1280300
_d1280300